000 01204nam a22002771i 4500
003 SA-RiAUC
005 20250521093012.0
008 250515s2004 sy g 000 0 ara c
040 _aSA-JeALM
_bara
_cSA-RiAUC
_erda
082 0 4 _a212
090 _a212
_b ش ع ر
100 1 _aالشعراني، عبد الوهاب بن أحمد بن علي،
_d898-973 هجري
_eمؤلف.
245 1 0 _aلطائف المنن والأخلاق في وجوب التحدث بنعمة الله على الإطلاق، المعروف، بالمنن الكبرى /
_cأبو المواهب عبد الوهاب الشعراني ؛ ضبطه وصححه أحمد عزو عناية.
246 3 3 _aالمنن الكبرى
250 _aالطبعة الاولى.
264 1 _aدمشق :
_bدار التقوى،
_c2004
300 _a843 صفحة
_c24 سم.
336 _aنص
_btxt
_2rdacontent
_3كتاب
337 _aبدون وسيط
_bn
_2rdamedia
338 _aمجلد
_bnc
_2rdacarrier
650 7 _aالأخلاق الإسلامية
_2aucsh
650 7 _aالوعظ والإرشاد
_2aucsh
700 1 _aعناية، أحمد عزو
_eمصحح.
942 _2ddc
_cBOOK
_n0
949 _aSA-JeALM
_d250515
_uosman123
_n1
999 _c8218
_d8218